Populous US Metro Areas (1910) Quiz Stats

Quiz Updated Jul 31, 2015

Challenge
Share
Tweet
Embed
Score 0/36 Timer 07:00
3 Plays Today
Population City % Correct
6,474,568New York-Newark
99.8%
2,446,921Chicago
97.6%
1,520,470Boston
96.6%
438,226Los Angeles
95.6%
1,972,342Philadelphia
95.4%
686,873San Francisco-Oakland
93%
500,982Detroit
90.5%
367,869Washington
89.3%
208,284Atlanta
88.3%
1,042,855Pittsburgh
87.5%
613,270Cleveland
86.9%
828,733St. Louis
85.8%
239,269Seattle
84.9%
658,715Baltimore
84.3%
348,109New Orleans
82.3%
563,804Cincinnati
79.4%
526,256Minneapolis-St. Paul
78.4%
488,661Buffalo
77.9%
Population City % Correct
237,783Indianapolis
76.6%
340,446Kansas City
75.3%
215,048Portland, OR
74.7%
219,314Denver
74.5%
221,567Columbus
73.1%
427,175Milwaukee
69.2%
349,836Albany-Troy
63.6%
395,972Providence
61.4%
286,158Louisville
60.3%
248,512Rochester
50.8%
206,749Omaha
45.9%
203,748Toledo
43.6%
211,961Birmingham
42.1%
224,901New Haven
33.9%
314,538Scranton
27.7%
222,732Worcester, MA
27.6%
283,741Lowell-Lawrence
14.6%
284,938New Bedford-Fall River
9.6%

You're not logged in!

Compare scores with friends on all Sporcle quizzes.
Sign Up with Email
OR
Log In

You Might Also Like...

Show Comments

Extras

Top Quizzes Today


Score Distribution

Your Account Isn't Verified!

In order to create a playlist on Sporcle, you need to verify the email address you used during registration. Go to your Sporcle Settings to finish the process.